[Event "HUN-chT2 Toth 1819"]
[Site "Hungary"]
[Date "2018.12.02"]
[Round "5.8"]
[White "Brhlik, Gyorgy"]
[Black "Bardos, Istvan"]
[Result "1/2-1/2"]
[WhiteElo "1886"]
[BlackElo "1905"]
[PlyCount "60"]
[EventDate "2018.09.23"]
[EventType "team-tourn"]
[EventRounds "11"]
[EventCountry "HUN"]
[SourceTitle "EXT 2021"]
[Source "ChessBase"]
[SourceDate "2020.10.23"]
[SourceVersion "1"]
[SourceVersionDate "2020.10.23"]
[SourceQuality "1"]
[WhiteTeam "Bekes"]
[BlackTeam "Szentes Integral"]
[WhiteTeamCountry "HUN"]
[BlackTeamCountry "HUN"]

1. Nf3 Nf6 2. d4 e6 3. Bf4 d5 4. e3 Bd6 5. Bg3 0-0 6. Bd3 c5 7. c3 c4 8. Bc2 b5 9. 0-0 a5 10. b3 Ba6 11. bxc4 Bxg3 12. hxg3 b4 13. Re1 dxc4 14. Ne5 Nbd7 15. f4 Nxe5 16. fxe5 Nd5 17. e4 Nxc3 18. Nxc3 bxc3 19. d5 Qg5 20. Qd4 Qd2 21. Qf2 f6 22. Re2 Qg5 23. exf6 Rxf6 24. Qe3 Qe5 25. Rd1 Rd8 26. d6 Qh5 27. Rf2 Rxf2 28. Qxf2 Bb5 29. Qb6 Qg5 30. e5 Be8 1/2-1/2

[Event "HUN-chT2 Toth 1718"]
[Site "Hungary"]
[Date "2018.01.28"]
[Round "7.8"]
[White "Gombos, Janos"]
[Black "Bardos, Istvan"]
[Result "1/2-1/2"]
[WhiteElo "1966"]
[BlackElo "1903"]
[PlyCount "20"]
[EventDate "2017.09.24"]
[EventType "team-tourn"]
[EventRounds "11"]
[EventCountry "HUN"]
[SourceTitle "EXT 2021"]
[Source "ChessBase"]
[SourceDate "2020.10.23"]
[SourceVersion "1"]
[SourceVersionDate "2020.10.23"]
[SourceQuality "1"]
[WhiteTeam "Gyula"]
[BlackTeam "Szentes Integral"]
[WhiteTeamCountry "HUN"]
[BlackTeamCountry "HUN"]

1. e4 e5 2. Nf3 Nc6 3. Bc4 Bc5 4. c3 d6 5. d4 exd4 6. cxd4 Bb4+ 7. Bd2 Bxd2+ 8. Nbxd2 Nf6 9. h3 0-0 10. 0-0 h6 1/2-1/2

[Event "HUN-chT2 Toth 1718"]
[Site "Hungary"]
[Date "2017.11.26"]
[Round "4.9"]
[White "Monus, Zoltan"]
[Black "Bardos, Istvan"]
[Result "1/2-1/2"]
[WhiteElo "1990"]
[BlackElo "1903"]
[PlyCount "105"]
[EventDate "2017.09.24"]
[EventType "team-tourn"]
[EventRounds "11"]
[EventCountry "HUN"]
[SourceTitle "EXT 2021"]
[Source "ChessBase"]
[SourceDate "2020.10.23"]
[SourceVersion "1"]
[SourceVersionDate "2020.10.23"]
[SourceQuality "1"]
[WhiteTeam "Oroshaza"]
[BlackTeam "Szentes Integral"]
[WhiteTeamCountry "HUN"]
[BlackTeamCountry "HUN"]

1. e4 c5 2. Nf3 e6 3. d4 cxd4 4. Nxd4 a6 5. Bd3 Nc6 6. Nxc6 bxc6 7. 0-0 g6 8. e5 Bg7 9. Qe2 d5 10. exd6 Qxd6 11. Nd2 Nf6 12. Nc4 Qc7 13. Bd2 Nd5 14. f4 0-0 15. Kh1 a5 16. a3 a4 17. Ne5 Rb8 18. c4 Ne7 19. Bc3 c5 20. Bc2 Ra8 21. Rad1 f6 22. Ng4 Ra6 23. Rd2 h5 24. Ne3 Rd8 25. Rxd8+ Qxd8 26. Rd1 Qc7 27. Qf3 Bb7 28. Be4 Bxe4 29. Qxe4 Rd6 30. Qa8+ Kf7 31. Qxa4 Rxd1+ 32. Qxd1 Qxf4 33. Qf3 Qd6 34. h3 Nc6 35. b4 Nd4 36. Qb7+ Kg8 37. Qc8+ Bf8 38. bxc5 Qxc5 39. Qxc5 Bxc5 40. Bb4 Nb3 41. Nc2 Kf7 42. g3 e5 43. Kg2 Ke6 44. Bxc5 Nxc5 45. Kf3 Na4 46. g4 hxg4+ 47. hxg4 Nb2 48. Ne3 Na4 49. Ke2 f5 50. gxf5+ gxf5 51. Kd3 f4 52. Nd1 Nc5+ 53. Kc3 1/2-1/2

[Event "HUN-chT2 Toth 1718"]
[Site "Hungary"]
[Date "2017.10.29"]
[Round "3.9"]
[White "Bardos, Istvan"]
[Black "Csizik, Karoly"]
[Result "1/2-1/2"]
[WhiteElo "1903"]
[BlackElo "1982"]
[PlyCount "43"]
[EventDate "2017.09.24"]
[EventType "team-tourn"]
[EventRounds "11"]
[EventCountry "HUN"]
[SourceTitle "EXT 2021"]
[Source "ChessBase"]
[SourceDate "2020.10.23"]
[SourceVersion "1"]
[SourceVersionDate "2020.10.23"]
[SourceQuality "1"]
[WhiteTeam "Szentes Integral"]
[BlackTeam "Ujszasz"]
[WhiteTeamCountry "HUN"]
[BlackTeamCountry "HUN"]

1. d4 Nf6 2. Nf3 g6 3. g3 Bg7 4. Bg2 0-0 5. 0-0 d6 6. h3 Nbd7 7. c4 e5 8. Nc3 c6 9. Be3 Qc7 10. Qd2 Re8 11. Rac1 b6 12. Rfd1 Bb7 13. Bh6 Bh8 14. b3 Rad8 15. e3 Nh5 16. g4 Ng7 17. d5 c5 18. e4 f6 19. Nh4 Nf8 20. f4 Bc8 21. fxe5 dxe5 22. Rf1 1/2-1/2

[Event "HUN-chT2 Toth 1516"]
[Site "Hungary"]
[Date "2016.04.17"]
[Round "11.6"]
[White "Martonosi, Adam"]
[Black "Bardos, Istvan"]
[Result "1/2-1/2"]
[WhiteElo "1868"]
[BlackElo "1965"]
[PlyCount "95"]
[EventDate "2015.09.13"]
[EventType "team-tourn"]
[EventRounds "11"]
[EventCountry "HUN"]
[SourceTitle "EXT 2017"]
[Source "ChessBase"]
[SourceDate "2016.10.25"]
[SourceVersion "1"]
[SourceVersionDate "2016.10.25"]
[SourceQuality "1"]
[WhiteTeam "Mako SVSE II"]
[BlackTeam "Szentes Integral"]
[WhiteTeamCountry "HUN"]
[BlackTeamCountry "HUN"]

1. c4 e5 2. g3 Nc6 3. Bg2 Nf6 4. Nc3 Bb4 5. Nd5 Bc5 6. Nf3 d6 7. 0-0 0-0 8. a3 a5 9. b3 e4 10. Ng5 Bf5 11. Ne3 Bg6 12. Bb2 Bd4 13. Qc1 h6 14. Nh3 Nh5 15. Nd5 Qd7 16. Nhf4 Nxf4 17. Nxf4 Bf5 18. Bxd4 Nxd4 19. Qc3 Ne6 20. Nd5 Ng5 21. h4 Nh7 22. b4 axb4 23. axb4 Rxa1 24. Rxa1 c6 25. Ne3 Bg6 26. Qd4 f5 27. Bh3 Nf6 28. Ra5 Ng4 29. Ra7 Kh7 30. Qb6 Rf7 31. Ng2 Re7 32. Nf4 Bf7 33. Ra8 g5 34. hxg5 hxg5 35. Ng2 Ne5 36. Ne3 g4 37. Bg2 Bxc4 38. Rd8 Qe6 39. Qd4 Nf7 40. Ra8 Bxe2 41. Qa7 Ne5 42. Qb8 Rg7 43. Qf8 Nf7 44. Re8 Qg6 45. Nxf5 Rg8 46. Qxg8+ Qxg8 47. Rxg8 Kxg8 48. Bxe4 1/2-1/2

[Event "HUN-chT2 Toth 1516"]
[Site "Hungary"]
[Date "2016.03.20"]
[Round "9.6"]
[White "Tornyai, Jeno"]
[Black "Bardos, Istvan"]
[Result "0-1"]
[WhiteElo "1931"]
[BlackElo "1965"]
[PlyCount "70"]
[EventDate "2015.09.13"]
[EventType "team-tourn"]
[EventRounds "11"]
[EventCountry "HUN"]
[SourceTitle "EXT 2017"]
[Source "ChessBase"]
[SourceDate "2016.10.25"]
[SourceVersion "1"]
[SourceVersionDate "2016.10.25"]
[SourceQuality "1"]
[WhiteTeam "Maroczy II"]
[BlackTeam "Szentes Integral"]
[WhiteTeamCountry "HUN"]
[BlackTeamCountry "HUN"]

1. d4 Nf6 2. Nc3 d5 3. Bg5 Bf5 4. f3 Bg6 5. e3 c6 6. Nh3 Nbd7 7. Nf4 e5 8. Nxg6 hxg6 9. dxe5 Nxe5 10. Qd4 Bd6 11. 0-0-0 Bc7 12. e4 dxe4 13. Qe3 Qe7 14. Nxe4 0-0 15. f4 Neg4 16. Nxf6+ Qxf6 17. Qf3 Qe6 18. Be2 Ne3 19. Rde1 Ba5 20. Bc4 Qxc4 21. Rxe3 f6 22. Bh4 Rfe8 23. Be1 Bc7 24. g3 Qxa2 25. Ra3 Qc4 26. h4 Re2 27. Rc3 Qe6 28. Bd2 Ba5 29. Rd3 Bxd2+ 30. Rxd2 Rxd2 31. Kxd2 Rd8+ 32. Kc1 Qa2 33. c3 Qa1+ 34. Kc2 Qa4+ 35. Kb1 Rd2 0-1

[Event "HUN-chT2 Toth 1516"]
[Site "Hungary"]
[Date "2016.02.28"]
[Round "8.7"]
[White "Pasztorcsik, Janos"]
[Black "Bardos, Istvan"]
[Result "1/2-1/2"]
[WhiteElo "2065"]
[BlackElo "1965"]
[PlyCount "33"]
[EventDate "2015.09.13"]
[EventType "team-tourn"]
[EventRounds "11"]
[EventCountry "HUN"]
[SourceTitle "EXT 2017"]
[Source "ChessBase"]
[SourceDate "2016.10.25"]
[SourceVersion "1"]
[SourceVersionDate "2016.10.25"]
[SourceQuality "1"]
[WhiteTeam "Oroshaza"]
[BlackTeam "Szentes Integral"]
[WhiteTeamCountry "HUN"]
[BlackTeamCountry "HUN"]

1. d4 Nf6 2. c4 e6 3. Nf3 b6 4. g3 Bb7 5. Bg2 d5 6. 0-0 Be7 7. Nc3 0-0 8. cxd5 exd5 9. Bg5 Nbd7 10. Rc1 h6 11. Be3 c6 12. h3 Ne4 13. Nxe4 dxe4 14. Ne5 Nxe5 15. dxe5 c5 16. Qc2 Qd5 17. f4 1/2-1/2

[Event "HUN-chT2 Toth 1516"]
[Site "Hungary"]
[Date "2015.11.29"]
[Round "5.6"]
[White "Bardos, Istvan"]
[Black "Banyai, Istvan"]
[Result "1/2-1/2"]
[WhiteElo "1965"]
[BlackElo "2004"]
[PlyCount "29"]
[EventDate "2015.09.13"]
[EventType "team-tourn"]
[EventRounds "11"]
[EventCountry "HUN"]
[SourceTitle "CBM 170 Extra"]
[Source "ChessBase"]
[SourceDate "2016.02.25"]
[SourceVersion "1"]
[SourceVersionDate "2016.02.25"]
[SourceQuality "1"]
[WhiteTeam "Szentes Integral"]
[BlackTeam "Gyula"]
[WhiteTeamCountry "HUN"]
[BlackTeamCountry "HUN"]

1. e4 e6 2. Qe2 c5 3. Nf3 Nc6 4. d3 Qc7 5. g3 b6 6. Bg2 Bb7 7. Nc3 a6 8. Be3 Nf6 9. h3 d6 10. d4 cxd4 11. Nxd4 Be7 12. 0-0 0-0 13. f4 b5 14. Nxc6 Bxc6 15. a3 1/2-1/2

[Event "HUN-chT2 Toth 1516"]
[Site "Hungary"]
[Date "2015.09.26"]
[Round "2.7"]
[White "Bardos, Istvan"]
[Black "Petro, Jozsef"]
[Result "0-1"]
[WhiteElo "1965"]
[BlackElo "1989"]
[PlyCount "82"]
[EventDate "2015.09.13"]
[EventType "team-tourn"]
[EventRounds "11"]
[EventCountry "HUN"]
[SourceTitle "CBM 170 Extra"]
[Source "ChessBase"]
[SourceDate "2016.02.25"]
[SourceVersion "1"]
[SourceVersionDate "2016.02.25"]
[SourceQuality "1"]
[WhiteTeam "Szentes Integral"]
[BlackTeam "Bekes"]
[WhiteTeamCountry "HUN"]
[BlackTeamCountry "HUN"]

1. e4 c6 2. Nc3 g6 3. Bc4 b5 4. Bb3 e6 5. d4 b4 6. Nce2 d5 7. Ng3 Nd7 8. N1e2 h5 9. exd5 cxd5 10. Nf4 Ne7 11. h4 a5 12. c4 dxc4 13. Bxc4 Nb6 14. Be2 Bg7 15. Bf3 Ned5 16. Nxd5 Nxd5 17. Ne2 0-0 18. g3 Bb7 19. 0-0 Ba6 20. Re1 Rc8 21. Be3 Qd7 22. Qd2 Rfd8 23. Rac1 Nb6 24. Rxc8 Rxc8 25. b3 Rd8 26. Rd1 Nd5 27. Bg5 f6 28. Be3 Bxe2 29. Bxe2 Nc3 30. Re1 f5 31. Bc4 Kh7 32. a3 e5 33. d5 Qb7 34. Bg5 Rd7 35. d6 Ne4 36. Rxe4 fxe4 37. axb4 Bf8 38. Bd5 Qxb4 39. Qe2 Qxd6 40. Bc4 Qd1+ 41. Qxd1 Rxd1+ 0-1

[Event "HUN-chT2 Toth 1415"]
[Site "Hungary"]
[Date "2014.11.30"]
[Round "5.6"]
[White "Bardos, Istvan"]
[Black "Banyai, Istvan"]
[Result "1/2-1/2"]
[WhiteElo "2013"]
[BlackElo "1969"]
[PlyCount "81"]
[EventDate "2014.09.07"]
[EventType "team-tourn"]
[EventRounds "11"]
[EventCountry "HUN"]
[SourceTitle "EXT 2016"]
[Source "ChessBase"]
[SourceDate "2015.10.08"]
[SourceVersion "1"]
[SourceVersionDate "2015.10.08"]
[SourceQuality "1"]
[WhiteTeam "Szentes"]
[BlackTeam "Gyula"]
[WhiteTeamCountry "HUN"]
[BlackTeamCountry "HUN"]

1. Nf3 c6 2. c4 d5 3. e3 Nf6 4. d4 e6 5. a3 Nbd7 6. Nc3 Be7 7. cxd5 exd5 8. Bd3 0-0 9. 0-0 Bd6 10. b4 Re8 11. Qc2 h6 12. h3 Qe7 13. Nd2 Nf8 14. e4 dxe4 15. Ndxe4 Be6 16. Nxf6+ Qxf6 17. Ne4 Qd8 18. Nc5 Bxc5 19. dxc5 Qh4 20. Bb2 Rad8 21. Rae1 Bd5 22. Be5 f6 23. Bg3 Qg5 24. h4 Qg4 25. Kh2 Qd7 26. Bf5 Be6 27. Bxe6+ Rxe6 28. Rd1 Qe8 29. Rxd8 Qxd8 30. Rd1 Qe8 31. Qd3 a6 32. Qc4 Kh7 33. Rd6 Re7 34. Qd3+ Qg6 35. Qd1 Qf5 36. Rd8 Rd7 37. Rxd7 Nxd7 38. Qd6 Ne5 39. Bxe5 fxe5 40. Qd2 e4 41. Kg3 1/2-1/2

[Event "HUN-chT2 Toth 1314"]
[Site "Hungary"]
[Date "2014.04.13"]
[Round "10.6"]
[White "Bardos, Istvan"]
[Black "Kovacs, Gabor"]
[Result "0-1"]
[WhiteElo "2020"]
[BlackElo "1964"]
[PlyCount "112"]
[EventDate "2013.09.08"]
[EventType "team-tourn"]
[EventRounds "11"]
[EventCountry "HUN"]
[SourceTitle "EXT 2016"]
[Source "ChessBase"]
[SourceDate "2015.10.08"]
[SourceVersion "1"]
[SourceVersionDate "2015.10.08"]
[SourceQuality "1"]
[WhiteTeam "Szentes"]
[BlackTeam "Toth Laszlo II"]
[WhiteTeamCountry "HUN"]
[BlackTeamCountry "HUN"]

1. c4 Nf6 2. Nf3 g6 3. g3 c6 4. Bg2 Bg7 5. 0-0 0-0 6. Qc2 d5 7. d3 Re8 8. Nbd2 e5 9. e4 h6 10. Re1 Nbd7 11. b4 a5 12. b5 a4 13. Ba3 Bf8 14. Bxf8 Kxf8 15. exd5 cxd5 16. c5 Qc7 17. Rec1 b6 18. cxb6 Qxb6 19. Qc6 Rb8 20. Rab1 Bb7 21. Qxb6 Nxb6 22. h4 Nfd7 23. g4 f5 24. gxf5 gxf5 25. Bh3 f4 26. Rc7 Re7 27. Kh2 e4 28. dxe4 dxe4 29. Nd4 e3 30. fxe3 fxe3 31. Nc4 Nxc4 32. Rxc4 Ne5 33. Rc3 Rd8 34. Ne6+ Rxe6 35. Bxe6 Rd2+ 36. Kg3 Nd3 37. Rxd3 Rxd3 38. Re1 Ke7 39. Bf5 Ra3 40. Bb1 e2+ 41. Kf2 Bf3 42. Rc1 Bg4 43. Be4 Rxa2 44. Ke1 Rb2 45. Ra1 Rb4 46. Bd3 Bh5 47. Bxe2 Bxe2 48. Kxe2 Rxh4 49. Ra3 Rh2+ 50. Kf1 Rh4 51. Kg2 h5 52. Kg3 Rb4 53. Kg2 Kd6 54. Rh3 Rb2+ 55. Kf1 Rxb5 56. Rh4 Ra5 0-1

[Event "HUN-chT2 Toth 1314"]
[Site "Hungary"]
[Date "2014.03.02"]
[Round "8.6"]
[White "Bardos, Istvan"]
[Black "Papp, Jozsef"]
[Result "1/2-1/2"]
[WhiteElo "2020"]
[BlackElo "2028"]
[PlyCount "45"]
[EventDate "2013.09.08"]
[EventType "team-tourn"]
[EventRounds "11"]
[EventCountry "HUN"]
[SourceTitle "EXT 2016"]
[Source "ChessBase"]
[SourceDate "2015.10.08"]
[SourceVersion "1"]
[SourceVersionDate "2015.10.08"]
[SourceQuality "1"]
[WhiteTeam "Szentes"]
[BlackTeam "Karcag"]
[WhiteTeamCountry "HUN"]
[BlackTeamCountry "HUN"]

1. c4 Nf6 2. Nf3 e6 3. a3 d5 4. e3 Nbd7 5. d4 Be7 6. Nc3 c6 7. Bd3 b6 8. cxd5 exd5 9. h3 Bb7 10. 0-0 c5 11. b3 Ne4 12. Ne2 0-0 13. Ne1 Qc7 14. Bb2 Rac8 15. Rc1 Qb8 16. f4 f5 17. Nf3 Qd6 18. Qe1 Qh6 19. a4 Qe6 20. Ne5 Nxe5 21. dxe5 Rc7 22. Nd4 Qd7 23. Nb5 1/2-1/2

[Event "HUN-chT2 Toth 1314"]
[Site "Hungary"]
[Date "2014.02.02"]
[Round "6.5"]
[White "Molnar, Laszlo"]
[Black "Bardos, Istvan"]
[Result "1/2-1/2"]
[WhiteElo "2190"]
[BlackElo "2020"]
[PlyCount "60"]
[EventDate "2013.09.08"]
[EventType "team-tourn"]
[EventRounds "11"]
[EventCountry "HUN"]
[SourceTitle "EXT 2016"]
[Source "ChessBase"]
[SourceDate "2015.10.08"]
[SourceVersion "1"]
[SourceVersionDate "2015.10.08"]
[SourceQuality "1"]
[WhiteTeam "Ujszasz"]
[BlackTeam "Szentes"]
[WhiteTeamCountry "HUN"]
[BlackTeamCountry "HUN"]

1. d4 Nf6 2. Nf3 g6 3. c4 Bg7 4. g3 c6 5. Bg2 0-0 6. 0-0 d5 7. cxd5 cxd5 8. Nc3 Nc6 9. Ne5 e6 10. f4 Ne8 11. e3 f5 12. b3 Nxe5 13. fxe5 Bd7 14. Qd3 Bc6 15. Bd2 Rf7 16. b4 a6 17. a4 b6 18. Rfc1 Bb7 19. Ne2 g5 20. Qb3 Rc7 21. Rxc7 Nxc7 22. Nc1 Rc8 23. Nd3 Bc6 24. Bf1 Bf8 25. a5 bxa5 26. Rxa5 Bb5 27. Ra1 Bc4 28. Qb2 Rb8 29. Nf2 Be7 30. g4 Qf8 1/2-1/2

[Event "HUN-chT2 Toth 1314"]
[Site "Hungary"]
[Date "2013.11.17"]
[Round "5.6"]
[White "Kerekes, Attila"]
[Black "Bardos, Istvan"]
[Result "1-0"]
[WhiteElo "2127"]
[BlackElo "2020"]
[PlyCount "72"]
[EventDate "2013.09.08"]
[EventType "team-tourn"]
[EventRounds "11"]
[EventCountry "HUN"]
[SourceTitle "EXT 2016"]
[Source "ChessBase"]
[SourceDate "2015.10.08"]
[SourceVersion "1"]
[SourceVersionDate "2015.10.08"]
[SourceQuality "1"]
[WhiteTeam "Bekes"]
[BlackTeam "Szentes"]
[WhiteTeamCountry "HUN"]
[BlackTeamCountry "HUN"]

1. e4 c5 2. Nf3 e6 3. d4 cxd4 4. Nxd4 Nf6 5. Nc3 Nc6 6. Ndb5 Bb4 7. a3 Bxc3+ 8. Nxc3 d5 9. exd5 exd5 10. Bd3 0-0 11. 0-0 h6 12. Bf4 Bg4 13. f3 Be6 14. g4 d4 15. Ne4 Nd5 16. Qd2 g5 17. Bg3 Ne3 18. Rfe1 f5 19. Nc5 Bc8 20. gxf5 Nxf5 21. Ne6 Bxe6 22. Rxe6 Kg7 23. Rae1 Qd5 24. Qe2 Nxg3 25. Rg6+ Kf7 26. hxg3 Rae8 27. Be4 Rxe4 28. fxe4 Qe5 29. Rxh6 Qxg3+ 30. Kh1 Kg7 31. Rh2 Ne5 32. Qd2 Qf3+ 33. Qg2 g4 34. Qxf3 Rxf3 35. Rh5 Kf6 36. Kg2 Kg6 1-0

[Event "IECG WC.2012.P.00002 email"]
[Site "IECG email"]
[Date "2008.02.15"]
[Round "?"]
[White "Jenneborg, Seved"]
[Black "Bardos, Istvan"]
[Result "1/2-1/2"]
[WhiteElo "1619"]
[BlackElo "2197"]
[PlyCount "54"]
[EventDate "2008.02.15"]
[EventType "tourn (corr)"]
[EventRounds "6"]
[SourceTitle "Corr 2024"]
[Source "ChessBase"]
[SourceDate "2023.10.19"]
[SourceVersion "1"]
[SourceVersionDate "2023.10.19"]
[SourceQuality "1"]

1. Nf3 Nf6 2. d4 e6 3. c4 c6 4. Bf4 d5 5. e3 Nbd7 6. Nc3 Be7 7. h3 0-0 8. Qc2 Re8 9. a3 Nf8 10. Bd3 dxc4 11. Bxc4 Nd5 12. Bg3 Qa5 13. 0-0 Nxc3 14. bxc3 b6 15. Ne5 Bb7 16. a4 Rac8 17. Rfd1 Bd6 18. Bd3 Bxe5 19. dxe5 Ba6 20. Be4 Bc4 21. Rd6 Qc5 22. Rad1 a5 23. Qb2 Bd5 24. Bd3 b5 25. Ra1 Ra8 26. Qd2 Reb8 27. Qc2 Rb7 1/2-1/2

[Event "IECG TE.2005.F.01800 email"]
[Site "IECG email"]
[Date "2008.01.15"]
[Round "?"]
[White "Bardos, Istvan"]
[Black "Degterev, Pavel"]
[Result "1/2-1/2"]
[WhiteElo "2197"]
[BlackElo "2176"]
[PlyCount "92"]
[EventDate "2008.01.15"]
[EventType "tourn (corr)"]
[EventRounds "14"]
[SourceTitle "Corr 2024"]
[Source "ChessBase"]
[SourceDate "2023.10.19"]
[SourceVersion "1"]
[SourceVersionDate "2023.10.19"]
[SourceQuality "1"]

1. d4 Nf6 2. c4 c5 3. d5 b5 4. Nf3 Bb7 5. Bf4 d6 6. Nbd2 Nh5 7. Bg3 bxc4 8. e4 g6 9. Bxc4 Nd7 10. Bh4 Bg7 11. 0-0 0-0 12. Bg5 Nb6 13. Rb1 f6 14. Be3 f5 15. b4 Nxc4 16. Nxc4 Ba6 17. b5 fxe4 18. Ng5 Bc8 19. Nxe4 Bb7 20. Bg5 Bd4 21. Ne3 Qd7 22. a4 Bxe3 23. Bxe3 Qf5 24. Nc3 Nf6 25. Bh6 Rf7 26. f3 Nxd5 27. Ne4 Qd7 28. Qd2 Rc8 29. Rfe1 c4 30. Ng5 Rf5 31. Qd4 e5 32. Qxa7 Ra8 33. Qf2 Qc7 34. Ne6 Qc8 35. Ng5 Nf4 36. Qa2 Nd3 37. Re2 Qc5+ 38. Kh1 e4 39. Nxe4 Bxe4 40. fxe4 Nf2+ 41. Kg1 Nxe4+ 42. Be3 Qe5 43. Qxc4+ d5 44. Qc6 Raf8 45. Ree1 Rh5 46. h3 Rxh3 1/2-1/2

[Event "IECG TE.2005.F.01800 email"]
[Site "IECG email"]
[Date "2008.01.15"]
[Round "1"]
[White "Bardos, Istvan"]
[Black "Geiger, Walter"]
[Result "0-1"]
[WhiteElo "2197"]
[BlackElo "2150"]
[PlyCount "104"]
[EventDate "2008.01.15"]
[EventType "tourn (corr)"]
[EventRounds "14"]
[SourceTitle "Corr 2024"]
[Source "ChessBase"]
[SourceDate "2023.10.19"]
[SourceVersion "1"]
[SourceVersionDate "2023.10.19"]
[SourceQuality "1"]

1. d4 Nf6 2. c4 c5 3. d5 b5 4. Nf3 Bb7 5. Bf4 d6 6. Nbd2 Nh5 7. Bg5 h6 8. Bh4 g5 9. Bg3 Nd7 10. e4 b4 11. e5 g4 12. e6 fxe6 13. Bd3 Qc8 14. Bg6+ Kd8 15. Bxh5 gxf3 16. Bxf3 exd5 17. 0-0 Bg7 18. Qc2 d4 19. Bxb7 Qxb7 20. Rfe1 Rc8 21. Qg6 Bf6 22. Ne4 Ne5 23. Qh5 Qd7 24. b3 Bg7 25. Bxe5 Bxe5 26. a3 bxa3 27. Rxa3 Rc7 28. Ra5 Qe8 29. Qh3 Qd7 30. Qf3 Qe6 31. Rea1 Qd7 32. Qh5 Qe8 33. Qh4 Qd7 34. f4 Bg7 35. Ra6 Kc8 36. Qg3 Rg8 37. Qf3 Rb7 38. Nf2 Kb8 39. Nd3 Rc8 40. Re1 Bf6 41. Ra5 Qc6 42. Qe2 Rxb3 43. Rxa7 Kxa7 44. Qa2+ Qa6 45. Qxb3 Rb8 46. Qc2 Qa3 47. Nf2 Rb7 48. Qe4 Qc3 49. Qe2 d3 50. Nxd3 Qxc4 51. Rc1 Qd4+ 52. Kh1 Kb8 0-1

[Event "IECG TE.2005.F.01800 email"]
[Site "IECG email"]
[Date "2008.01.15"]
[Round "1"]
[White "Bardos, Istvan"]
[Black "Pessoa, Francisco"]
[Result "1/2-1/2"]
[WhiteElo "2197"]
[BlackElo "2417"]
[PlyCount "68"]
[EventDate "2008.01.15"]
[EventType "tourn (corr)"]
[EventRounds "14"]
[SourceTitle "Corr 2024"]
[Source "ChessBase"]
[SourceDate "2023.10.19"]
[SourceVersion "1"]
[SourceVersionDate "2023.10.19"]
[SourceQuality "1"]

1. d4 Nf6 2. c4 c5 3. d5 b5 4. Nf3 Bb7 5. Nbd2 bxc4 6. e4 e6 7. dxe6 dxe6 8. e5 Nd5 9. Bxc4 Be7 10. 0-0 0-0 11. Ne4 h6 12. b3 Qc7 13. Bb2 Rd8 14. Qc1 a5 15. Rb1 a4 16. Nf6+ gxf6 17. Qxh6 Bf8 18. Qh4 f5 19. Ng5 Bg7 20. f4 axb3 21. axb3 Nc6 22. Rf3 Nce7 23. Rg3 Ng6 24. Qh7+ Kf8 25. h4 Ndxf4 26. h5 Rd2 27. hxg6 Qc6 28. Bf1 fxg6 29. Bc1 Qd7 30. Bxd2 Qxd2 31. Bc4 Qd4+ 32. Kh1 Qxe5 33. Qh4 Bd5 34. Bxd5 Nxd5 1/2-1/2

[Event "IECG TE.2005.F.01800 email"]
[Site "IECG email"]
[Date "2008.01.15"]
[Round "1"]
[White "Bardos, Istvan"]
[Black "Raats, Tom"]
[Result "1/2-1/2"]
[WhiteElo "2197"]
[BlackElo "1700"]
[PlyCount "45"]
[EventDate "2008.01.15"]
[EventType "tourn (corr)"]
[EventRounds "14"]
[SourceTitle "Corr 2024"]
[Source "ChessBase"]
[SourceDate "2023.10.19"]
[SourceVersion "1"]
[SourceVersionDate "2023.10.19"]
[SourceQuality "1"]

1. d4 Nf6 2. c4 c5 3. d5 b5 4. Nf3 Bb7 5. Bf4 d6 6. Nbd2 Nh5 7. Bg3 g6 8. e4 Bg7 9. Qc2 Nxg3 10. hxg3 b4 11. e5 dxe5 12. Ng5 h6 13. Ne6 fxe6 14. Qxg6+ Kf8 15. dxe6 Qe8 16. Qf5+ Kg8 17. Be2 Nc6 18. Bh5 Nd4 19. Bf7+ Kf8 20. Qg6 Qa4 21. b3 Qc6 22. Rh4 h5 23. Bg8 1/2-1/2

[Event "IECG CP.2005.Q.00024 email"]
[Site "IECG email"]
[Date "2007.01.15"]
[Round "?"]
[White "Bardos, Istvan"]
[Black "Orlov, Vladimir Borisovich"]
[Result "0-1"]
[WhiteElo "2232"]
[BlackElo "2209"]
[PlyCount "74"]
[EventDate "2007.01.15"]
[EventType "tourn (corr)"]
[EventRounds "6"]
[EventCountry "GER"]
[SourceTitle "Corr 2011"]
[Source "ChessBase"]
[SourceDate "2010.08.31"]
[SourceVersion "1"]
[SourceVersionDate "2010.08.31"]
[SourceQuality "1"]

1. e4 e5 2. Bc4 Nf6 3. d3 c6 4. Nf3 Be7 5. 0-0 d6 6. Re1 0-0 7. Nbd2 Nbd7 8. a4 d5 9. Ba2 Bd6 10. Nf1 dxe4 11. dxe4 Nc5 12. Bg5 h6 13. Bh4 Nxa4 14. c3 b5 15. Qc2 Nc5 16. Rad1 Qe7 17. Ng3 Rd8 18. b4 Nb7 19. Qc1 a5 20. Nh5 Kh7 21. Nd4 Ra6 22. Nxf6+ gxf6 23. bxa5 Nxa5 24. Nf5 Bxf5 25. exf5 Nb7 26. Bb1 Ra1 27. Qb2 Ra4 28. Bg3 Nc5 29. Qe2 Ra1 30. Qb2 Qa7 31. Qc2 Qa4 32. Qe2 Bc7 33. Qh5 Qc4 34. h3 Rg8 35. Qh4 Qxh4 36. Bxh4 Kg7 37. Re3 Rd8 0-1

[Event "IECG CP.2005.Q.00024 email"]
[Site "IECG email"]
[Date "2007.01.15"]
[Round "?"]
[White "Bodaan, Ton"]
[Black "Bardos, Istvan"]
[Result "1/2-1/2"]
[WhiteElo "2200"]
[BlackElo "2232"]
[PlyCount "50"]
[EventDate "2007.01.15"]
[EventType "tourn (corr)"]
[EventRounds "6"]
[EventCountry "GER"]
[SourceTitle "Corr 2008"]
[Source "ChessBase"]
[SourceDate "2008.06.24"]
[SourceVersion "1"]
[SourceVersionDate "2008.06.24"]
[SourceQuality "1"]

1. d4 Nf6 2. c4 e6 3. Nf3 b6 4. a3 c5 5. d5 Ba6 6. Qc2 exd5 7. cxd5 g6 8. Nc3 Bg7 9. g3 0-0 10. Bg2 d6 11. 0-0 Nbd7 12. Re1 Re8 13. Bf4 Qe7 14. Qa4 Bb7 15. Nb5 Ne4 16. Nd2 Ndf6 17. Nxe4 Nxe4 18. Bxe4 Qxe4 19. Qxe4 Rxe4 20. Nxd6 Bxd5 21. Nxe4 Bxe4 22. f3 Bc2 23. Rac1 Ba4 24. b4 Bb2 25. bxc5 Bxc1 1/2-1/2